Intelligent research design : a guide for beginning researchers in the social sciences /

Offering advice to beginning doctoral researchers and advanced graduate students on how to embark on their research, this book, which is deliberately kept jargon-free and adopts a hands-on approach to research design, addresses the problems that research students face in the course of their first fe...

Full description

Bibliographic Details
Main Author: Hancké, Bob (Author)
Format: eBook
Language:English
Published: Oxford : Oxford University Press, 2023.
Subjects:
Online Access:Connect to the full text of this electronic book

MARC

Tag First Indicator Second Indicator Subfields
LEADER 00000cam a2200000 i 4500
001 in00005723073
005 20260319194625.2
006 m o d
007 cr |||||||||||
008 090629r20232009enk ob 001 0 eng d
010 |a  2009931637 
040 |a STBDS  |b eng  |c STBDS  |d OCLCO  |d OCLCF  |d OCLCL  |d OCLCQ 
020 |a 9781383046540  |q ebook 
020 |a 1383046549 
020 |a 9780199570799  |q (pbk.) 
020 |a 0199570795 
024 7 |a 10.1093/oso/9780199570782.001.0001  |2 doi 
035 |a (OCoLC)1406785529 
050 0 |a H62  |b .H244 2009 
082 0 4 |a 300.72  |2 22 
049 |a TXAM 
100 1 |a Hancké, Bob,  |e author. 
245 1 0 |a Intelligent research design :  |b a guide for beginning researchers in the social sciences /  |c Bob Hancké. 
264 1 |a Oxford :  |b Oxford University Press,  |c 2023. 
300 |a 1 online resource (xii, 142 pages) 
336 |a text  |b txt  |2 rdacontent 
337 |a computer  |b c  |2 rdamedia 
338 |a online resource  |b cr  |2 rdacarrier 
500 |a Formerly CIP.  |5 Uk 
500 |a Previously issued in print: 2009. 
504 |a Includes bibliographical references (pages 138-142) and index. 
520 8 |a Offering advice to beginning doctoral researchers and advanced graduate students on how to embark on their research, this book, which is deliberately kept jargon-free and adopts a hands-on approach to research design, addresses the problems that research students face in the course of their first few years. 
588 |a Derived record based on print version record and publisher information. 
650 0 |a Social sciences  |x Research  |x Methodology. 
650 0 |a Report writing. 
650 0 |a Academic writing. 
650 6 |a Sciences sociales  |x Recherche  |x Méthodologie. 
650 6 |a Rapports  |x Rédaction. 
650 6 |a Écriture savante. 
650 7 |a Academic writing.  |2 fast  |0 (OCoLC)fst00795090 
650 7 |a Report writing.  |2 fast  |0 (OCoLC)fst01094836 
650 7 |a Social sciences  |x Research  |x Methodology.  |2 fast  |0 (OCoLC)fst01122961 
655 7 |a Electronic books.  |2 local 
758 |i has work:  |a Intelligent research design (Text)  |1 https://id.oclc.org/worldcat/entity/E39PCFB6FBJdc88PvqKBrbpkQm  |4 https://id.oclc.org/worldcat/ontology/hasWork 
776 0 8 |i Print version:  |z 9780199570782 
856 4 0 |u http://proxy.library.tamu.edu/login?url=https://academic.oup.com/book/52448  |z Connect to the full text of this electronic book  |t 0 
936 |a BATCHLOAD 
955 |a Oxford Scholarship Online 
994 |a 92  |b TXA 
999 f f |i 9788767c-0835-447b-9c8a-ef16962df3fc  |s d8c97b32-bd19-4997-9b50-cd7905aa65e8  |t 0 
952 f f |a Texas A&M University  |b College Station  |c Electronic Resources  |s www_evans  |d Available Online  |t 0  |e H62 .H244 2009  |h Library of Congress classification 
998 f f |a H62 .H244 2009  |t 0  |l Available Online